|
|
|
|
| LEADER |
00000nam a2200000 4500 |
| 001 |
vtls011996149 |
| 003 |
SK-MaSNL |
| 005 |
20260426013507.0 |
| 008 |
201006t1833 fr | r 000 0 fre |
| 015 |
|
|
|a SNBHFA1833
|
| 040 |
|
|
|a SNKHF
|b slo
|c SNK
|e rda
|
| 041 |
|
|
|a fre
|a lat
|
| 044 |
|
|
|a fr
|c FR
|
| 072 |
|
7 |
|a 101
|x Filozofia
|2 konspekt
|
| 080 |
|
|
|a 101
|2 2011
|
| 100 |
1 |
|
|a Seneca, Lucius Annaeus,
|d 4 pred Kr.-65 po Kr.
|4 aut
|9 183710
|
| 245 |
1 |
0 |
|a Oeuvres Complètes De Sénèque Le Philosophe
|b Traduction Nouvelle Par. MM. Ajasson De Grandsagne, Baillard, Carpentier, Cabaret-Dupaty, Du Rozoir, Héron De Villefosse, Naudet, C. L. F. Panckoucke, Ernest Panckoucke, De Vatimesnil, Alfred De Wailly, Gustave de Wailly, Alphonse Trognon. Publiées Par M. Charles Du Rozoir Professeur D´Histoire Au Collège Royal De Louis-Le-Grand
|n Tome Huitième
|
| 264 |
|
3 |
|a Paris
|b C. L. F. Panckoucke
|c M DCCC XXXIII (1833)
|
| 300 |
|
|
|a 544 strán
|c 22 cm
|
| 336 |
|
|
|a text
|b txt
|2 rdacontent
|
| 337 |
|
|
|a bez média
|b n
|2 rdamedia
|
| 338 |
|
|
|a zväzok
|b nc
|2 rdacarier
|
| 490 |
0 |
|
|a Bibliothéque Latine - Franciaise
|
| 500 |
|
|
|a Iniciály na 1,5 riadku, ilustrovaná obálka
|
| 546 |
|
|
|a Tlač na protiľahlých stranách striedavo vo francúzskom a latinskom jazyku
|
| 563 |
|
|
|a Väzba pôvodná papierová.
|5 SNK IC 145502/8
|
| 650 |
0 |
7 |
|a filozofia
|2 SNKPH
|9 793
|
| 700 |
1 |
|
|a DuRozoir, Charles,
|d 1790-1844
|4 pbl
|9 204731
|
| 700 |
1 |
|
|a Panckoucke, Charles Louis Fleury,
|d 1780 - 1844
|4 prt
|9 303388
|
| 700 |
1 |
|
|a Ajasson de Grandsagne, Jean-Baptiste-François-Étienne,
|d 1802 - 1845
|4 red
|9 365105
|
| 700 |
1 |
|
|a Charpentier, Jean-Pierre,
|d 1797 - 1878
|4 red
|9 365455
|
| 700 |
1 |
|
|a Cabaret-Dupaty, J.-R.-T.
|4 red
|9 440862
|
| 700 |
1 |
|
|a Héron de Villefosse, Antoine-Marie,
|d 1774 - 1852
|4 red
|9 440863
|
| 700 |
1 |
|
|a Panckoucke, Ernest
|4 red
|9 440864
|
| 700 |
1 |
|
|a Wailly, Alfred de,
|d 1800 - 1869
|4 red
|9 440865
|
| 700 |
1 |
|
|a Wailly, Gustave de,
|d 1804 - 1878
|4 red
|9 440866
|
| 700 |
1 |
|
|a Trognon, Alphonse,
|d 1798 - 1854
|4 red
|9 440683
|
| 710 |
0 |
|
|a Panckoucke, Charles Louis Fleury (Francúzsko, Paríž)
|4 prt
|9 303389
|
| 752 |
|
|
|a Francúzsko
|d Paríž
|
| 852 |
|
|
|a snk
|b Aponiovská knižnica
|p IC 145502/8
|
| 958 |
|
|
|a DF
|
| 958 |
|
|
|a ONDV
|
| 999 |
|
|
|c 1124921
|d 1126851
|
| 952 |
|
|
|t Op. I/103
|a SNK
|b SNK
|c SNK_HF
|y PREZ
|7 0
|p 17A1395767
|o snkIC 145502/8
|i snk2020/17966
|8 5
|0 0
|1 0
|4 0
|d 2020-10-06
|l 0
|r 2026-02-24 18:43:12
|w 2026-02-24
|